000
00311nam a22001337a 4500
020
_a
978-81-8468-357-8
082
_a
823
_b
DUM/T
245
_a
THE THREE MUSKETEERS
_b
SHORT STORY
260
_a
BANGALORE
_b
VASAN PUBLICATIONS
_c
2011
300
_a
185
520
_a
SHORT STORY
650
_a
SHORT STORY
942
_c
BK
999
_c
3997
_d
3997